Công nghệ axit sunfuric /

Những khái niệm chung; Chế tạo khí anhydrit sunfurơ SO2; Sản xuất axit sunfuric theo phương pháp tiếp xúc.

保存先:
書誌詳細
第一著者: Đỗ Bình.
フォーマット: 図書
言語:Vietnamese
出版事項: Hà Nội : Khoa học và kỹ thuật, 2004.
主題:
タグ: タグ追加
タグなし, このレコードへの初めてのタグを付けませんか!
Thư viện lưu trữ: Mạng thư viện Đại học Đà Nẵng
LEADER 01197cam a2200349 a 4500
001 000044082
003 2297
005 20060317140057.0
008 010217b2004 vm 000 vie
020 |c 35000 
040 |a LRC  |c LRC  |d LRC 
041 0 |a vie 
082 1 4 |a 661.22  |b ĐÔ-B 
100 1 |a Đỗ Bình. 
245 1 0 |a Công nghệ axit sunfuric /  |c Đỗ Bình. 
260 |a Hà Nội :  |b Khoa học và kỹ thuật,  |c 2004. 
300 |a 216 tr. :  |b mh. ;  |c 27 cm. 
520 3 |a Những khái niệm chung; Chế tạo khí anhydrit sunfurơ SO2; Sản xuất axit sunfuric theo phương pháp tiếp xúc. 
630 0 4 |a Axit sunfuric. 
650 0 4 |a Axit sunfuric  |x Công nghệ. 
OWN |a DUT 
AVA |a UDN50  |b DUT  |c Book  |d 661.22 ĐÔ-B  |e available  |t Error 5001 Not defined in file expand_doc_bib_avail.  |f 5  |g 0  |h N  |i 0  |j SH  |k 1 
999 |a From the UDN01 
AVA |a UDN50  |b DUT  |c Book  |d 661.22 ĐÔ-B  |e available  |t Error 5001 Not defined in file expand_doc_bib_avail.  |f 5  |g 0  |h N  |i 0  |j SH  |k 1 
TYP |a Monograph 
TYP |a Printed language 
980 |a Mạng thư viện Đại học Đà Nẵng